000 00188 a2200097 4500
020 _a9780732911348
041 _aeng
100 _aBen Kozel
245 _aThree men in a Raft
942 _cBK
999 _c30059
_d30057